000 00404nam a2200169Ia 4500
008 090122s9999 xx 000 0 und d
082 _b1829
_a500
100 _aZeluin
_bG
245 _aScience for Everyone
260 _b"Mir Publishers, Mosow"
_c1986
300 _a151
600 _aZeluin
630 _aScience for Everyone
700 _aZeluin
730 _aScience for Everyone
942 _cBOOK
999 _c25907
_d25907